=LDR 00000nam 2200000 4500 =001 INLIS000000000019151 =005 20130612114242 =008 ***********************************Ind** =035 ##$$0010-061300000019151 =041 ##$$a Ind =082 ##$$a 823 =090 ##$$a 823, Ste c =100 ##$$a Stevanson, R.L =245 ##$$a Catrina, a sequel to kidnapped geiny memoirs of the furthen aduentures a david balfoun at home and abroad, Robert Louis Stevenson =260 ##$$a 1982 $b London =300 ##$$a 395 hlm, 21 cm =650 ##$$a Fiksi Inggris =850 ##$$a NBPNMAT =990 ##$$a 0001/BPAP-NTB/20142014